Statistiken für Weltführer

Klicken Sie hier um das Quiz zu spielen!

Allgemein

  • Dieses Quiz wurde 180 mal gespielt
  • Das Durchschnittsergebnis liegt bei 8 aus 14

Antwortstatistiken

Führer von...Land% Korrekt
Indira GandhiIndien
98%
John F. KennedyVereinigte Staaten
94%
Xi JinpingChina
89%
Jacques ChiracFrankreich
78%
Neville ChamberlainVereinigtes Königreich
70%
Shinzo AbeJapan
68%
Salman bin Abdelaziz al SaudSaudi Arabien
68%
Süleyman ITürkei
66%
Nicolas MaduroVenezuela
40%
Mohammed VIMarokko
30%
Pervez MusharrafPakistan
22%
Sirimavo R.D. BandaranaikeSri Lanka
18%
Béji Caïd EssebsiTunesien
10%
RjurikRussland
9%

Verteilung der Resultate

Perzentil nach korrekt beantworteten Fragen

Anzahl Personen mit jedem Resultat

Ihre Resultats-Entwicklung

Sie haben dieses Quiz noch nicht gespielt